Statistics for Biggest Cities of the Kalmar Union in 1500 with a Map

Click here to take the quiz!

General Stats

  • This quiz has been taken 232 times
  • The average score is 13 of 23

Answers on the Map

Answers color-coded by a green-red scale on the quiz's map according to % correct below.
 

Answer Stats

PopulationCity% Correct
7kStockholm
100%
10kCopenhagen
99%
3kOslo
99%
7kBergen
91%
5kMalmø
91%
3kAarhus
85%
2kAalborg
72%
2kÅbo
69%
3kOdense
68%
3kVisby
65%
3kKiel
59%
2kKalmar
57%
27kRoskilde
52%
3kFlensborg
42%
2kLund
42%
3kHelsingør
31%
3kRibe
28%
2kFalun
23%
2kSlesvig
22%
2kLandskrone
19%
3kHusum
16%
2kTønning
12%
2kArboga
11%

Score Distribution

Percentile by Number Answered

Percent of People with Each Score

Your Score History

You have not taken this quiz